[Event "Pozarevac Rudar 7th"]
[Site "Pozarevac"]
[Date "2022.12.14"]
[Round "3"]
[White "Joshua, AP."]
[Black "Dmitrovic, Tomislav"]
[Result "1-0"]
[WhiteElo "2288"]
[BlackElo "2227"]
[PlyCount "69"]
[EventDate "2022.12.12"]
[EventType "tourn"]
[EventRounds "9"]
[EventCountry "SRB"]
[SourceTitle "CBM 211 Extra"]
[Source "ChessBase"]
[SourceDate "2023.01.31"]
[SourceVersion "1"]
[SourceVersionDate "2023.01.31"]
[SourceQuality "1"]

1. d4 f5 2. Bg5 g6 3. Nc3 d5 4. h4 Bg7 5. e3 Be6 6. Bf4 c6 7. h5 Nd7 8. Nf3 Ngf6 9. h6 Bf8 10. Ng5 Bg8 11. Be2 e6 12. a3 Qe7 13. Nf3 Ng4 14. Bg5 Qd6 15. Nd2 Ngf6 16. g4 Be7 17. Bf4 e5 18. dxe5 Nxe5 19. gxf5 gxf5 20. Bh5+ Bf7 21. Bxf7+ Kxf7 22. Nf3 Nxf3+ 23. Qxf3 Qe6 24. 0-0-0 Rhg8 25. Ne2 c5 26. Ng3 b6 27. Nh5 Qe4 28. Qh3 Nxh5 29. Qxh5+ Rg6 30. Qe2 c4 31. c3 Bc5 32. Qh5 Ke6 33. Rhe1 Qg2 34. f3 Rgg8 35. e4 1-0

[Event "Pozarevac Rudar 6th"]
[Site "Pozarevac"]
[Date "2022.12.10"]
[Round "8"]
[White "Dmitrovic, Tomislav"]
[Black "Shoshin, Kirill"]
[Result "0-1"]
[WhiteElo "2227"]
[BlackElo "2280"]
[PlyCount "80"]
[EventDate "2022.12.04"]
[EventType "tourn"]
[EventRounds "9"]
[EventCountry "SRB"]
[EventCategory "1"]
[SourceTitle "CBM 211 Extra"]
[Source "ChessBase"]
[SourceDate "2023.01.31"]
[SourceVersion "1"]
[SourceVersionDate "2023.01.31"]
[SourceQuality "1"]

1. d4 Nf6 2. Nf3 d5 3. Bg5 Ne4 4. Bf4 c5 5. e3 Nc6 6. c3 Qb6 7. Qb3 c4 8. Qc2 h6 9. h3 Bf5 10. Qc1 e6 11. Nbd2 Bd6 12. Bxd6 Nxd6 13. Be2 0-0 14. 0-0 Qc7 15. Bd1 b5 16. Bc2 b4 17. Re1 bxc3 18. bxc3 Bxc2 19. Qxc2 f5 20. Qa4 Rab8 21. Rab1 Rb6 22. g4 Ne4 23. Rxb6 axb6 24. Nxe4 fxe4 25. Nh2 Ne7 26. Qc2 Ng6 27. Kh1 Nh4 28. f4 exf3 29. Qf2 g5 30. Rb1 Rf6 31. Nf1 e5 32. Qg3 Qh7 33. Rb2 f2 34. Rxf2 Qe4+ 35. Kh2 Nf3+ 36. Kh1 Nxd4+ 37. Kg1 Nf3+ 38. Kh1 Nh4+ 39. Kg1 Rf3 40. Rxf3 Nxf3+ 0-1

[Event "Pozarevac Rudar 6th"]
[Site "Pozarevac"]
[Date "2022.12.09"]
[Round "7"]
[White "Ibadov, Dashgyn"]
[Black "Dmitrovic, Tomislav"]
[Result "1-0"]
[WhiteElo "2308"]
[BlackElo "2227"]
[PlyCount "25"]
[EventDate "2022.12.04"]
[EventType "tourn"]
[EventRounds "9"]
[EventCountry "SRB"]
[EventCategory "1"]
[SourceTitle "CBM 211 Extra"]
[Source "ChessBase"]
[SourceDate "2023.01.31"]
[SourceVersion "1"]
[SourceVersionDate "2023.01.31"]
[SourceQuality "1"]

1. e4 d6 2. d4 Nf6 3. Nc3 g6 4. Nf3 Bg7 5. Be3 0-0 6. Qd2 c6 7. Bh6 b5 8. Bd3 a6 9. e5 Nd5 10. Nxd5 cxd5 11. h4 f5 12. h5 Qe8 13. 0-0-0 1-0

[Event "Pozarevac Rudar 6th"]
[Site "Pozarevac"]
[Date "2022.12.08"]
[Round "6"]
[White "Dmitrovic, Tomislav"]
[Black "Czerw, Dawid"]
[Result "0-1"]
[WhiteElo "2227"]
[BlackElo "2373"]
[PlyCount "58"]
[EventDate "2022.12.04"]
[EventType "tourn"]
[EventRounds "9"]
[EventCountry "SRB"]
[EventCategory "1"]
[SourceTitle "CBM 211 Extra"]
[Source "ChessBase"]
[SourceDate "2023.01.31"]
[SourceVersion "1"]
[SourceVersionDate "2023.01.31"]
[SourceQuality "1"]

1. b3 g6 2. Bb2 Nf6 3. Bxf6 exf6 4. c4 d5 5. cxd5 Qxd5 6. Nc3 Qa5 7. a3 c6 8. e3 Bg7 9. Nf3 0-0 10. Be2 f5 11. b4 Qd8 12. 0-0 Be6 13. d4 Nd7 14. b5 cxb5 15. Nxb5 a6 16. Nc3 Rc8 17. Qd2 b5 18. Rfc1 Nb6 19. Qd1 Nc4 20. Bxc4 Bxc4 21. Nd2 f4 22. Nxc4 Rxc4 23. Ne2 fxe3 24. fxe3 Qe7 25. Qd3 Re8 26. Rxc4 bxc4 27. Qc3 Qxe3+ 28. Qxe3 Rxe3 29. Kf2 Rd3 0-1

[Event "SRB-chT2 East"]
[Site "Serbia"]
[Date "2018.09.08"]
[Round "2.4"]
[White "Dmitrovic, Tomislav"]
[Black "Livaja, Mario"]
[Result "1/2-1/2"]
[WhiteElo "2268"]
[BlackElo "2279"]
[PlyCount "24"]
[EventDate "2018.09.07"]
[EventType "team-tourn"]
[EventRounds "11"]
[EventCountry "SRB"]
[SourceTitle "EXT 2021"]
[Source "ChessBase"]
[SourceDate "2020.10.23"]
[SourceVersion "1"]
[SourceVersionDate "2020.10.23"]
[SourceQuality "1"]
[WhiteTeam "Kursumlija"]
[BlackTeam "Nis Nais"]
[WhiteTeamCountry "SRB"]
[BlackTeamCountry "SRB"]

1. e4 c5 2. Nf3 Nc6 3. Nc3 e6 4. d4 cxd4 5. Nxd4 Qc7 6. g3 a6 7. Bg2 Nf6 8. 0-0 Nxd4 9. Qxd4 Bc5 10. Qd3 h6 11. Be3 Bxe3 12. Qxe3 d6 1/2-1/2

[Event "SRB-chT2 East"]
[Site "Serbia"]
[Date "2017.09.09"]
[Round "2.6"]
[White "Dmitrovic, Tomislav"]
[Black "Urosevic, Goran"]
[Result "0-1"]
[WhiteElo "2273"]
[BlackElo "2267"]
[PlyCount "88"]
[EventDate "2017.09.08"]
[EventType "team-tourn"]
[EventRounds "11"]
[EventCountry "SRB"]
[SourceTitle "EXT 2022"]
[Source "ChessBase"]
[SourceDate "2021.10.06"]
[SourceVersion "1"]
[SourceVersionDate "2021.10.06"]
[SourceQuality "1"]

1. d4 c5 2. dxc5 Na6 3. Nc3 Nxc5 4. e4 d6 5. Nf3 e6 6. Bc4 a6 7. a4 Qc7 8. Qe2 Nf6 9. 0-0 Be7 10. Bf4 Ncd7 11. h3 Ne5 12. Bb3 b6 13. Nd2 Bb7 14. Be3 Ned7 15. Bd4 0-0 16. Nf3 Nc5 17. Nd2 Nxb3 18. cxb3 e5 19. Be3 d5 20. Rac1 d4 21. Nd5 Nxd5 22. Rxc7 Nxc7 23. Bh6 gxh6 24. Qg4+ Kh8 25. Qd7 Bd8 26. f4 exf4 27. Qxd4+ Kg8 28. Rxf4 Ne6 29. Rg4+ Bg5 30. Qf6 Ng7 31. Qxb6 Bc8 32. Rg3 Bxd2 33. Qd4 Bg5 34. h4 Nh5 35. hxg5 Nxg3 36. Qe5 Ne2+ 37. Kf2 Bg4 38. gxh6 f6 39. Qd5+ Kh8 40. Qb7 Rg8 41. Qc6 Raf8 42. Qxa6 Nf4 43. g3 Nh3+ 44. Kg2 Ng5 0-1

[Event "SRB-chT2 East CS"]
[Site "Kragujevac"]
[Date "2016.10.08"]
[Round "10.5"]
[White "Dmitrovic, Tomislav"]
[Black "Livaja, Mario"]
[Result "1/2-1/2"]
[WhiteElo "2258"]
[BlackElo "2218"]
[PlyCount "83"]
[EventDate "2016.08.26"]
[EventType "team-tourn"]
[EventRounds "11"]
[EventCountry "SRB"]
[SourceTitle "EXT 2021"]
[Source "ChessBase"]
[SourceDate "2020.10.23"]
[SourceVersion "1"]
[SourceVersionDate "2020.10.23"]
[SourceQuality "1"]

1. d4 Nf6 2. Bf4 g6 3. Nf3 Bg7 4. e3 0-0 5. Be2 d6 6. h3 c5 7. c3 Qb6 8. Qc1 Nc6 9. Nbd2 cxd4 10. exd4 Re8 11. 0-0 Bf5 12. Nc4 Qd8 13. a4 Rc8 14. Qd1 Nd5 15. Bg3 Bh6 16. Re1 Nb8 17. Bf1 Nf4 18. Bh2 Qd7 19. Ne3 a6 20. Nh4 e6 21. Nhxf5 gxf5 22. Qf3 Ng6 23. Nc4 f4 24. Nb6 Qc6 25. Qh5 Qxb6 26. Qxh6 e5 27. h4 Qxb2 28. h5 Qxc3 29. hxg6 hxg6 30. dxe5 dxe5 31. g3 Nc6 32. Rac1 Qb4 33. Rb1 Qxa4 34. Rxb7 Nd4 35. Bg2 f3 36. Bh3 Rcd8 37. g4 Ne2+ 38. Kh1 Rd1 39. Rb1 Rxe1+ 40. Rxe1 Qb4 41. Rd1 Qb3 42. Qd2 1/2-1/2

[Event "SRB-chT2 East"]
[Site "Vrnjacka Banja"]
[Date "2015.10.10"]
[Round "9.42"]
[White "Dmitrovic, Tomislav"]
[Black "Tonic, Milos"]
[Result "1/2-1/2"]
[WhiteElo "2254"]
[BlackElo "2037"]
[PlyCount "52"]
[EventDate "2015.08.28"]
[EventType "team-tourn"]
[EventRounds "11"]
[EventCountry "SRB"]
[SourceTitle "EXT 2022"]
[Source "ChessBase"]
[SourceDate "2021.10.06"]
[SourceVersion "1"]
[SourceVersionDate "2021.10.06"]
[SourceQuality "1"]

1. e4 c6 2. d3 d5 3. Nd2 e5 4. Ngf3 Bd6 5. g3 Nf6 6. Bg2 0-0 7. 0-0 Bg4 8. h3 Bxf3 9. Qxf3 Na6 10. Qe2 Re8 11. Nf3 Nc5 12. Nh2 dxe4 13. dxe4 Ne6 14. Rd1 Qc7 15. c3 Rad8 16. Nf1 Bc5 17. Rxd8 Rxd8 18. b4 Bf8 19. Be3 a5 20. a3 Ra8 21. Rb1 axb4 22. axb4 b5 23. Nd2 Ra2 24. Qd1 Qd7 25. Ra1 Rxa1 26. Qxa1 g6 1/2-1/2

[Event "SRB-chT2 East"]
[Site "Vrnjacka Banja"]
[Date "2015.10.08"]
[Round "6.12"]
[White "Djordjevic, Vuk D"]
[Black "Dmitrovic, Tomislav"]
[Result "0-1"]
[WhiteElo "2209"]
[BlackElo "2254"]
[PlyCount "88"]
[EventDate "2015.08.28"]
[EventType "team-tourn"]
[EventRounds "11"]
[EventCountry "SRB"]
[SourceTitle "EXT 2022"]
[Source "ChessBase"]
[SourceDate "2021.10.06"]
[SourceVersion "1"]
[SourceVersionDate "2021.10.06"]
[SourceQuality "1"]

1. e4 e5 2. Nf3 Nc6 3. Bb5 g6 4. 0-0 Bg7 5. c3 d6 6. d4 Bd7 7. d5 Nb8 8. Be2 Nf6 9. Qc2 0-0 10. Bg5 h6 11. Bh4 a5 12. c4 Na6 13. Nc3 g5 14. Bg3 Nh5 15. Nd2 Nf4 16. b3 c5 17. dxc6 bxc6 18. Rfd1 Ne6 19. Nf1 Nd4 20. Qd2 f5 21. exf5 Bxf5 22. Ne3 Be6 23. f3 Qe7 24. Rf1 Nc5 25. Rad1 Bd7 26. Ne4 Nce6 27. Bd3 Nf4 28. Nc2 d5 29. Nc3 Nxd3 30. Ne3 Nf4 31. cxd5 cxd5 32. Ncxd5 Nxd5 33. Nxd5 Qc5 34. Ne3 Bb5 35. Rfe1 Rxf3 36. Kh1 Rff8 37. Ng4 Qb4 38. Qb2 Nf5 39. Nxe5 Nxg3+ 40. hxg3 Rae8 41. a4 Bxa4 42. Re3 Bb5 43. Rde1 Rf1+ 44. Rxf1 Bxf1 0-1

[Event "SRB-chT Central"]
[Site "Pozarevac"]
[Date "2012.02.14"]
[Round "2"]
[White "Markovic, Miroslav"]
[Black "Dmitrovic, Tomislav"]
[Result "1-0"]
[WhiteElo "2460"]
[BlackElo "2273"]
[PlyCount "107"]
[EventDate "2012.02.13"]
[EventType "team-swiss"]
[EventRounds "9"]
[EventCountry "SRB"]
[SourceTitle "CBM 146 Extra"]
[Source "ChessBase"]
[SourceDate "2012.02.29"]
[SourceVersion "1"]
[SourceVersionDate "2012.02.29"]
[SourceQuality "1"]

1. e4 e5 2. Nf3 Nc6 3. Bb5 a6 4. Ba4 d6 5. c3 Bd7 6. 0-0 Nf6 7. Re1 Be7 8. d3 0-0 9. Nbd2 Qe8 10. Nf1 Kh8 11. Ng3 Bd8 12. h3 Ne7 13. Bc2 Nfg8 14. d4 f6 15. Nh4 g6 16. a3 Qf7 17. b4 Be6 18. Rf1 Qg7 19. Bb3 Bxb3 20. Qxb3 Nc6 21. Nf3 Qf7 22. Qd1 Re8 23. Re1 Be7 24. Qd3 Bf8 25. d5 Nce7 26. c4 c6 27. Bd2 cxd5 28. cxd5 h6 29. Nh4 Kh7 30. f4 exf4 31. Bxf4 Nc8 32. Rac1 Nb6 33. Be3 Nd7 34. Rc7 Re7 35. Rxb7 Ne5 36. Rxe7 Qxe7 37. Qe2 Qb7 38. Nf3 Nxf3+ 39. Qxf3 Rc8 40. Ne2 Rc2 41. Nf4 Qc8 42. Ne6 Be7 43. Nd4 Rc3 44. Nc6 Bf8 45. a4 h5 46. Rc1 Ra3 47. Qf2 Qe8 48. e5 dxe5 49. Bc5 Bh6 50. Rd1 f5 51. Qb2 Rg3 52. Qxe5 Qxe5 53. Nxe5 Bf4 54. Nf3 1-0

[Event "SRB-chT Central"]
[Site "Kraljevo"]
[Date "2011.09.22"]
[Round "8"]
[White "Pavlovic, Dejan S"]
[Black "Dmitrovic, Tomislav"]
[Result "1-0"]
[WhiteElo "2430"]
[BlackElo "2295"]
[PlyCount "63"]
[EventDate "2011.09.17"]
[EventType "team-tourn"]
[EventRounds "11"]
[EventCountry "SRB"]
[SourceTitle "CBM 144 Extra"]
[Source "ChessBase"]
[SourceDate "2011.10.28"]
[SourceVersion "1"]
[SourceVersionDate "2011.10.28"]
[SourceQuality "1"]
[WhiteTeam "Sloboda"]
[BlackTeam "Rudar"]
[WhiteTeamCountry "YUG"]
[BlackTeamCountry "YUG"]

1. e4 e6 2. d4 d5 3. Nc3 Bb4 4. e5 b6 5. a3 Bf8 6. Bb5+ c6 7. Ba4 Ba6 8. Nf3 Qd7 9. Ne2 Bb5 10. Bb3 Bc4 11. Bxc4 dxc4 12. Nc3 Ne7 13. Qe2 b5 14. 0-0 Nd5 15. Ne4 Qb7 16. Nfg5 h6 17. Qh5 Qd7 18. f4 g6 19. Qh3 Na6 20. a4 b4 21. Nd2 c3 22. Nc4 cxb2 23. Bxb2 Nc3 24. Bxc3 bxc3 25. Rfd1 Nb4 26. Ne4 Nd5 27. Rab1 Rd8 28. Ncd6+ Bxd6 29. Nxd6+ Kf8 30. Rb7 Nc7 31. Qxc3 Kg7 32. Qa5 1-0

[Event "SRB-chT Central"]
[Site "Kraljevo"]
[Date "2011.09.17"]
[Round "1"]
[White "Djukic, Zeljko"]
[Black "Dmitrovic, Tomislav"]
[Result "1/2-1/2"]
[WhiteElo "2399"]
[BlackElo "2295"]
[PlyCount "146"]
[EventDate "2011.09.17"]
[EventType "team-tourn"]
[EventRounds "11"]
[EventCountry "SRB"]
[SourceTitle "CBM 144 Extra"]
[Source "ChessBase"]
[SourceDate "2011.10.28"]
[SourceVersion "1"]
[SourceVersionDate "2011.10.28"]
[SourceQuality "1"]
[WhiteTeam "Celin Kamen"]
[BlackTeam "Rudar"]
[WhiteTeamCountry "YUG"]
[BlackTeamCountry "YUG"]

1. d4 f5 2. g3 Nf6 3. Bg2 g6 4. Nh3 Bg7 5. c3 Nc6 6. 0-0 0-0 7. Nd2 d5 8. Nf3 Ne4 9. Nf4 e6 10. Nd3 g5 11. Be3 Qe7 12. Qc1 Bf6 13. c4 dxc4 14. Qxc4 Qg7 15. Rac1 Nd6 16. Qc5 Nf7 17. b4 g4 18. Nfe5 Nfxe5 19. dxe5 Nxe5 20. Nxe5 Bxe5 21. Bh6 Qxh6 22. Qxe5 c6 23. b5 cxb5 24. Rc7 a6 25. Rd1 Qf6 26. Qc5 Rd8 27. Rxd8+ Qxd8 28. Qe5 Qd1+ 29. Bf1 Bd7 30. Qc5 Re8 31. Rxb7 Kf7 32. Ra7 Re7 33. Rxa6 Be8 34. Rd6 Qa1 35. a3 Rd7 36. f4 gxf3 37. exf3 Rxd6 38. Qxd6 Qc1 39. Kf2 Qc6 40. Qd4 Qa8 41. Qc5 Qc6 42. Qe3 Qd5 43. h4 e5 44. Bd3 Bd7 45. Be2 Qd6 46. f4 e4 47. h5 Kg7 48. Qc3+ Kf7 49. Ke3 h6 50. Qb4 Qd5 51. Qd4 Qb3+ 52. Kf2 Be6 53. Qe5 Bd7 54. Qd6 e3+ 55. Kf3 Be6 56. Qd3 Qa2 57. Kxe3 Qa1 58. Kf2 Qb2 59. Kg1 b4 60. axb4 Qxb4 61. Kh2 Qb2 62. Kh3 Qc1 63. Bf3 Qc4 64. Qd8 Qf1+ 65. Bg2 Qe2 66. Qc7+ Kf6 67. Qc3+ Kf7 68. Bf3 Qf1+ 69. Bg2 Qe2 70. Bf3 Qf1+ 71. Kh2 Qf2+ 72. Kh3 Qf1+ 73. Kh4 Qf2 1/2-1/2